| 000 | 00766nac a22002171u 4500 | ||
|---|---|---|---|
| 010 | _a 00067577 | ||
| 020 | _a0735520208 | ||
| 082 | 0 | 0 |
_a346.73077 _bWAR |
| 090 |
_c6824 _d6824 |
||
| 100 | _aWarren, Elizabeth. | ||
| 245 | 1 | 4 |
_aThe law of debtors and creditors : _btext, cases, and problems / _cElizabeth Warren, Jay Lawrence Westbrook. |
| 250 | _a4th ed. | ||
| 260 |
_aGaithersburg : _bAspen Law & Business,c2001. _cc2001. |
||
| 300 |
_axxxiii, 1076 p. ; _c25 cm. + _eteacher's manual. |
||
| 500 | _aIncludes index. | ||
| 500 | _aDistributer: Al-Ahram. | ||
| 511 | _aCatalogued By: Mahitab. | ||
| 650 | 0 |
_aDebtor and creditor _zUnited States _vCases. |
|
| 700 | 1 | _aWestbrook, Jay Lawrence. | |
| 942 |
_cBB _k346.73077WAR |
||
| 999 |
_c6824 _d6824 |
||